Normal view
MARC view
- Quiles Cruz, Manuel
Entry Nombre Personal
001 - NUMERO DE CONTROL
- campo de control: 29588
003 - IDENTIFICADOR DE NUMERO DE CONTROL
- campo de control: UPN
005 - FECHA Y HORA DE LA ÜLTIMA TRANSACCIÓN
- campo de control: 20240223092044.0
008 - DATOS DE LONGITUD FIJA
- campo de control de longitud fija: nabaccnnaabn|||||||||| b |nc|||||d
035 ## - NUMERO DE CONTROL
- Número de control: UPN11000001694
040 ## - FUENTE DE CATALOGACIÓN
- Lenguaje de catalogación: SPA
- Agencia de transcripción: UPN
- Agencia original de catalogación: MX-MxUPN
100 1# - ENCABEZAMIENTO - NOMBRE PERSONAL
- Nombre personal: Quiles Cruz, Manuel
670 ## - FUENTE EN LA QUE SE LOCALIZARON DATOS
- Cita de la fuente: Escuelas de calidad en apoyo al PRONAP, 2001:
- Información localizada: portada (Manuel Quiles Cruz) solapa (egresado de la Escuela Nacional de Maestros, egresó de la Escuela Normal Superior de México al acreditar la especialidad en Historia)
902 ## - CATALOGADOR
- Catalogador: DAA/160608
